NFL QBs by College - Statistics

General Stats
  • This quiz has been taken 368 times
  • The average score is 22 of 32
Answer Stats
Player College Attended % Correct
Tom Brady Michigan
97%
Cam Newton Auburn / Florida
95%
Jameis Winston Florida State
94%
Russel Wilson NC State / Wisoncsin
92%
Marcus Mariota Oregon
90%
Derek Carr Fresno State
89%
Drew Brees Purdue
88%
Aaron Rodgers California
87%
Dashawn Watson Clemson
86%
Andrew Luck Stanford
86%
Matthew Stafford Georgia
83%
Matt Ryan Boston College
81%
Jared Goff California
80%
Eli Manning Mississippi
79%
Dak Prescott Mississippi State
78%
Ryan Tannehill Texas A&M
69%
Joe Flacco Delaware
68%
Sam Bradford Oklahoma
68%
Andy Dalton TCU
68%
Carson Palmer USC
68%
Carson Wentz North Dakota State
66%
Alex Smith Utah
65%
Ben Rothelisberger Miami of Ohio
63%
Kirk Cousins Michigan State
60%
Philip Rivers North Carolina State
53%
Dashone Kiser Notre Dame
51%
Blake Bortles Central Florida
50%
Tyrod Taylor Virginia Tech
48%
Brian Hoyer Michigan State
21%
Trevor Sieman Northwestern
21%
Mike Glennon North Carolina State
16%
Josh McCown Sam Houston State
9%
No matching quizzes found
Score Distribution
Percent of People with Each Score
Percentile by Number Answered
Your Score History
You have not taken this quiz